000 00669am a2200265a 44500
003 AR-BaBNM
005 20251128211150.0
008 043020s2001 #AR|||||||||||000 | esp||
020 _a84-249-2564-5
040 _cAR-BaBNM
100 1 _aTácito, Cayo Cornelio
245 1 0 _aAnales
_blibros XI-XVI
260 _aMadrid
_bGredos
_c2001
300 _a296 p.
490 0 _aBiblioteca básica Gredos
_vv. 90
650 4 _aHISTORIOGRAFIA
650 4 _aHISTORIA ANTIGUA
650 4 _aLITERATURA LATINA
650 4 _aHISTORIADORES
650 4 _aTRADICION ORAL
651 4 _aRoma
700 1 _aMoralejo, José Luis
_etraductor
942 _cBK
998 _cmartin
999 _c18536
_d18536